000 01003nam a22002297a 4500
005 20240530110631.0
008 170121s2014 ua a f b 000 0 ara d
017 _a2013/22978
_bمصر. دار الكتب
020 _a9789774383605
040 _aEG-CaGPL
_cEG-CaGPL
082 0 4 _221
_a694\
_bس أ
100 0 _aسعد رمضان محمد بلال الجبورى .
245 1 2 _aالاخشاب و استخداماتها الحضارية فى المشرق العربى الاسلامى حتى نهاية القرن الرابع للهجرة - العاشر للميلاد /
_cسعد رمضان محمد بلال الجبورى .
250 _aط.1
260 _aالقاهرة :
_bالمكتب الجامعى الحديث ،
_c2013 .
300 _a220 ص :
_bايض ؛
_c24 سم .
650 0 7 _2qrmak
_aالاخشاب .
650 0 7 _2qrmak
_aالاخشاب
_xانواع .
650 0 7 _2qrmak
_aالاشجار المثمرة .
942 _2ddc
_cBK
999 _c63252
_d63252